Statistics for All Time Nascar Cup Series Winners

Click here to take the quiz!

General Stats

  • This quiz has been taken 165 times
    (50 since last reset)
  • The average score is 70 of 204

Answer Stats

WinsDriver% Correct
200Richard Petty
96%
2Bobby Johns
91%
76Dale Earnhardt
91%
26Dale Earnhardt Jr.
91%
51Denny Hamlin
91%
83Jimmie Johnson
91%
50Junior Johnson
91%
8Kyle Petty
91%
54Lee Petty
91%
85Bobby Allison
87%
35Brad Keselowski
87%
84Darrell Waltrip
87%
105David Pearson
87%
93Jeff Gordon
87%
2Joe Lee Johnson
87%
60Kevin Harvick
87%
4Michael Waltrip
87%
55Rusty Wallace
87%
49Tony Stewart
87%
19Davey Allison
83%
34Kurt Busch
83%
63Kyle Busch
83%
23Kyle Larson
83%
3Robby Gordon
83%
10Donnie Allison
78%
34Martin Truex Jr.
78%
18Ryan Newman
78%
83Cale Yarborough
74%
39Matt Kenseth
74%
2Red Byron
74%
10William Byron
74%
7Alex Bowman
70%
32Joey Logano
70%
2Michael McDowell
70%
5Alan Kulwicki
65%
44Bill Elliott
65%
21Bobby Labonte
65%
18Chase Elliott
65%
6Christopher Bell
65%
32Dale Jarrett
65%
50Ned Jarrett
65%
10Ryan Blaney
65%
22Terry Labonte
65%
3Aric Almirola
61%
46Buck Baker
61%
19Buddy Baker
61%
28Carl Edwards
61%
5Chris Buescher
61%
2John Andretti
61%
18Kasey Kahne
61%
1Mario Andretti
61%
40Mark Martin
61%
4Bob Flock
57%
10Clint Bowyer
57%
19Fonty Flock
57%
21Jack Smith
57%
2Juan Pablo Montoya
57%
1Regan Smith
57%
39Tim Flock
57%
3AJ Allmendinger
52%
2David Ragan
52%
3Erik Jones
52%
15Ernie Irvan
52%
21Jeff Burton
52%
4Parnelli Jones
52%
10Sterling Marlin
52%
1Trevor Bayne
52%
5Ward Burton
52%
4Austin Dillon
48%
21Benny Parsons
48%
1Brett Bodine
48%
1Cole Custer
48%
33Fireball Roberts
48%
18Geoffrey Bodine
48%
1Jack White
48%
2Marcos Ambrose
48%
1Phil Parsons
48%
28Rex White
48%
23Ricky Rudd
48%
3Ricky Stenhouse Jr.
48%
3Elliott Sadler
43%
19Greg Biffle
43%
7Jamie McMurray
43%
1Justin Haley
43%
14LeeRoy Yarbrough
43%
2Ricky Craven
43%
1Wendell Scott
43%
7A.J. Foyt
39%
1Earl Ross
39%
2Jimmy Spencer
39%
37Bobby Isaac
35%
3Brian Vickers
35%
1Casey Mears
35%
1Chase Briscoe
35%
17Curtis Turner
35%
2Derrike Cope
35%
18Harry Gant
35%
4Joe Nemechek
35%
1Donald Thomas
30%
4Glen Wood
30%
48Herb Thomas
30%
5Jeremy Mayfield
30%
25Joe Weatherly
30%
2Johnny Beauchamp
30%
1Lake Speed
30%
17Marvin Panch
30%
1Richard Brickhouse
30%
4Ross Chastain
30%
5Tyler Reddick
30%
1Austin Cindric
26%
1Bill Rexford
26%
2Bubba Wallace
26%
1Daniel Suarez
26%
4Ken Schrader
26%
1Paul Menard
26%
1Ron Bouchard
26%
18Neil Bonnett
22%
2Steve Park
22%
2David Reutimann
17%
1Shane Van Gisbergen
17%
4Bobby Hamilton
13%
5Dave Marcis
13%
26Fred Lorenzen
13%
1Jerry Nadeau
13%
25Jim Paschal
13%
4Pete Hamilton
13%
5Tiny Lund
13%
1Bobby Hillin Jr.
9%
9Cotton Owens
9%
5Dan Gurney
9%
1Dick Brooks
9%
1Dick Passwater
9%
1Johnny Allen
9%
1Lennie Pond
9%
4Lloyd Dane
9%
1Lloyd Moore
9%
4Morgan Shepherd
9%
1Norm Nelson
9%
13Tim Richmond
9%
2Billy Myers
4%
4Billy Wade
4%
4Charlie Glotzbach
4%
7Darel Dieringer
4%
13Dick Rathmann
4%
4Eddie Gray
4%
2Elmo Langley
4%
1Greg Sacks
4%
1Harold Kite
4%
4Hershel McGriff
4%
2James Hylton
4%
1Jim Roper
4%
1Johnny Benson
4%
1Mark Donohue
4%
7Marshall Teague
4%
4Nelson Stacy
4%
9Paul Goldsmith
4%
1Sam McQuagg
4%
20Speedy Thompson
4%
1Tommy Thompson
4%
2Al Keller
0%
1Art Watts
0%
1Bill Amick
0%
3Bill Blair
0%
1Bill Norton
0%
1Bob Burdick
0%
9Bob Welborn
0%
1Buddy Shuman
0%
1Chuck Stevenson
0%
1Danny Graves
0%
2Danny Letner
0%
1Danny Weinberg
0%
14Dick Hutcherson
0%
3Dick Linder
0%
1Earl Balmer
0%
4Eddie Pagan
0%
2Emanuel Zervakis
0%
1Frankie Schneider
0%
3Frank Mundy
0%
2Gober Sosebee
0%
3Gwyn Staley
0%
1Jim Cook
0%
1Jim Hurtubise
0%
1Jimmy Florian
0%
2Jimmy Pardue
0%
7Jim Reed
0%
1Jody Ridley
0%
1Joe Eubanks
0%
1John Kieper
0%
1Johnny Mantz
0%
1Johnny Rutherford
0%
1John Rostek
0%
1John Soares
0%
1Larry Frank
0%
1Leon Sales
0%
1Lou Figaro
0%
1Marvin Burke
0%
2Marvin Porter
0%
1Neil Cole
0%
1Paul Lewis
0%
5Ralph Moody
0%
2Ray Elder
0%
1Royce Hagerty
0%
1Shorty Rollins
0%
2Tom Pistone
0%

Score Distribution

Percentile by Number Answered

Percent of People with Each Score

Your Score History

You have not taken this quiz since the last reset